000 01223cam a22001934a 4500
005 20250605164223.0
008 250528s ||||||||||||||||||||||||d
035 _a20754
020 _a340643293
040 _aGR-AtMCL
_bgre
_dGR-AtMCL
_eAACR2
245 1 _aPsychology in Practice / Education
260 _bHodder Arnold,
_c2001
300 _a156
520 _aThis book is the definitive series on the practical applications of psychology to areas of everyday life, covering education, health, organizations and work, sport, the environment and crime. Education focuses on a wide range of important areas in the world of education, including motivation of students, teaching and learning styles, special educational needs, the classroom environment, gender and cultural differences and assessment. Introduction, Assessing Educational Performance, Individual Differences in Educational Performance, Special Educational Needs, Perspectives on Learning, Learning Styles and Teaching Styles, Motivation and Educational Performance, Disruptive Behavior in School, Design and Layout of Educational Environments, References, Index.
700 1 _aStapleton Merv
_96727
942 _cBK
999 _c5838
_d5838